| 000 | 03540nkm0a2200541 4500 | ||
|---|---|---|---|
| 001 | RU\NLR\BIBL_A\022644229 | ||
| 005 | 20251202113210.0 | ||
| 035 | _a(NLR Aleph) 022644229 | ||
| 071 | 5 | 0 |
_d5 к. _91000 |
| 090 |
_a88917 _c88917 |
||
| 100 | _a20251015d1930 u y0rusy50 ca | ||
| 101 | 0 | _arus | |
| 102 | _aRU | ||
| 116 | _adiybxx zz ae | ||
| 135 | _acrcn 024anaba | ||
| 181 | 0 |
_ab4 _bxb2e |
|
| 182 | 0 | _an | |
| 200 | 1 |
_aДагестан _h№ 4 _iГ. Буйнакск. Буйнакская улица _eпочтовая карточка |
|
| 203 |
_aИзображение _bнеподвижное _bдвухмерное _bвизуальное _cнепосредственное |
||
| 210 |
_a[Москва] _cГИЗ _d[1930? _eМосква] _gФотот. пр.-к. т-ва "Артель фототипов" |
||
| 215 |
_a1 л. _cфототип. _d10,6х14,7 |
||
| 300 | _aНа адрес. стороне изд. марка - источник сведений о наименовании издателя | ||
| 300 | _aЦенз. разрешение: Главлит № А-81157 | ||
| 300 | _aВ вып. дан.: Хро-Гиз № 301 | ||
| 325 | _aКопия доступна в Электрон. б-ке РНБ | ||
| 532 | 1 | 2 | _aДагестан. Город Буйнакск. Буйнакская улица |
| 606 | 1 |
_aПочтовые открытки маркированные художественные _yСССР _z1917 - 1941 _2nlr_sh2 _3RU\NLR\AUTH\6601555037 |
|
| 606 | 1 |
_aФотографические открытки _2nlr_sh2 _3RU\NLR\AUTH\661600135 |
|
| 610 | 1 | _aВидовые открытки | |
| 617 |
_aСССР _bДагестанская АССР _dБуйнакск, город _kБуйнакская улица |
||
| 686 | 0 | _aЩ153(2)7-489 | |
| 712 | 0 | 2 |
_aГосударственное издательство РСФСР _3RU\NLR\AUTH\8810050489 _4650 |
| 712 | 0 | 2 |
_a"Артель фототипов", промысловое кооперативное товарищество _cМосква _bФототипия _3RU\NLR\AUTH\880372943 _4610 |
| 830 | _aЭкз. РНБ на шифре Э ОТ63/Б905, инв.66216: на адресной стороне штамп, содержащий год поступления в РНБ: Г.П.Б-ка обяз. экз. Лнгр 1931 год Акт №. АЯ ОЭФ | ||
| 830 | _aДатировка открытки - по году ликвидации ГИЗа. "Государственное издательство РСФСР ... Основано в 1919 году в Москве. Ликвидировано в 1930 году. ... 8 октября 1930 года трест был преобразован в «Объединение государственных книжно-журнальных издательств»": https://ru.wikipedia.org/wiki/Государственное_издательство_РСФСР (22.11.2023). АЯ ОЭФ | ||
| 852 | 0 | 0 |
_aNLR _bЭ _jОТ63/Б905 _mинв.66216 |
| 856 | 0 | _uhttps://vivaldi.nlr.ru/lo500030005/view | |
| 856 | 1 | _uhttps://vivaldi.nlr.ru/lo500030005/cover | |
| 856 | 2 | _uhttps://vivaldi.nlr.ru/lo500030005/text | |
| 942 | _cVISUAL | ||
| 945 | _aРоссийская национальная библиотека | ||
| 980 | _aBV | ||
| 980 | _aNB | ||
| 981 | 1 | 7 |
_a(17) Изографические материалы _b(17) Открытки |